header

The theatre of genocide (Record no. 18914)

MARC details
000 -LEADER
fixed length control field 01502nam a22003254a 4500
082 04 - DEWEY DECIMAL CLASSIFICATION NUMBER
Classification number 812/.54080358
245 04 - TITLE STATEMENT
Title The theatre of genocide
260 ## - PUBLICATION, DISTRIBUTION, ETC. (IMPRINT)
Place of publication Madison, Wis. :
Name of publisher University of Wisconsin Press,
Year of publication c2008.
300 ## - PHYSICAL DESCRIPTION
Number of Pages v, 221 p. :
Other physical details ill.
505 0# - FORMATTED CONTENTS NOTE
Formatted contents note Introduction: The light of dead stars / Robert Skloot -- Exile in the cradle / Lorne Shirinian -- Silence of God / Catherine Filloux -- A patch of earth / Kitty Felde -- Maria Kizito / Erik Ehn.
650 #0 - SUBJECT ADDED ENTRY--TOPICAL TERM
Topical Term Genocide
Topical Term Mass murder
700 1# - ADDED ENTRY--PERSONAL NAME
Personal name Skloot, Robert.
856 40 - ELECTRONIC LOCATION AND ACCESS
Uniform Resource Identifier http://site.ebrary.com/lib/rucke/Doc?id=10280016

No items available.

© 2026 Rongo University
Contact us: librarian | system librarian | Rongo university